National Assembly Library of Thailand

วารสารกรมวิทยาศาสตร์บริการ (ระเบียนเลขที่ 95623)

รายละเอียดในรูปแบบ MARC
000 -LEADER
fixed length control field 00645nam a22001937a 4500
003 - CONTROL NUMBER IDENTIFIER
control field NALT
005 - DATE AND TIME OF LATEST TRANSACTION
control field 20210325220316.0
008 - FIXED-LENGTH DATA ELEMENTS--GENERAL INFORMATION
fixed length control field 190116b th ||||| |||| 00| 0 tha d
022 ## - INTERNATIONAL STANDARD SERIAL NUMBER
International Standard Serial Number 08577617
040 ## - CATALOGING SOURCE
Original cataloging agency NALT
041 ## - LANGUAGE CODE
Language code of text/sound track or separate title tha
100 ## - MAIN ENTRY--PERSONAL NAME
Titles and words associated with a name กรมวิทยาศาสตร์การแพทย์ กระทรวงวิทยาศาสตร์และเทคโนโลยี
245 ## - TITLE STATEMENT
Title วารสารกรมวิทยาศาสตร์บริการ
310 ## - CURRENT PUBLICATION FREQUENCY
Current publication frequency รายสี่เดือน
850 ## - HOLDING INSTITUTION
Holding institution NALT
942 ## - ADDED ENTRY ELEMENTS (KOHA)
Koha item type Journal/Magazine
Serial record 1

ไม่มีตัวเล่มให้บริการ

หอสมุดรัฐสภา
สำนักงานเลขาธิการสภาผู้แทนราษฎร เลขที่ 1111 ถนนสามเสน แขวงถนนนครไชยศรี เขตดุสิต กรุงเทพฯ 10300
The Secretariat of the House of Representatives 1111 Samsen Road, Thanon Nakhon Chai Si, Dusit, Bangkok 10300, THAILAND
โทรศัพท์: +66(0) 2242 5900 ต่อ 5714-5 โทรสาร: +66(0) 2242 5990 อีเมล: [email protected]